|
|
|
|
| LEADER |
03118nam a2200817 i 4500 |
| 001 |
nkc20172875411 |
| 003 |
CZ PrNK |
| 005 |
20170314134745.0 |
| 007 |
ta |
| 008 |
170120s2016 xr ach f 000 0dcze |
| 015 |
|
|
|a cnb002875411
|
| 020 |
|
|
|a 978-80-7331-411-8
|q (brožováno)
|
| 035 |
|
|
|a (OCoLC)982107400
|
| 040 |
|
|
|a BOA001
|b cze
|e rda
|
| 043 |
|
|
|a e-xr---
|b e-xr-pg
|2 czenas
|
| 045 |
|
|
|a x8x8
|
| 072 |
|
7 |
|a 792
|x Divadlo. Divadelní představení
|2 Konspekt
|9 3
|
| 080 |
|
|
|a 792.8:793.3
|2 MRF
|
| 080 |
|
|
|a 821.111-2
|2 MRF
|
| 080 |
|
|
|a 792=025
|2 MRF
|
| 080 |
|
|
|a 792.82
|2 MRF
|
| 080 |
|
|
|a 792.027.5
|2 MRF
|
| 080 |
|
|
|a 792.82.071.2
|2 MRF
|
| 080 |
|
|
|a (437.311)
|2 MRF
|
| 080 |
|
|
|a (048.8)
|2 MRF
|
| 080 |
|
|
|a (0:82-94)
|2 MRF
|
| 080 |
|
|
|a (084.11)
|2 MRF
|
| 100 |
1 |
|
|a Wiesner, Daniel,
|d 1947-
|7 jn20000402685
|4 aut
|
| 245 |
1 |
0 |
|a Taneční divadlo, aneb, Vyprávění o Macbethovi :
|b autorská reflexe vzniku inscenace baletu Národního divadla v Praze /
|c Daniel Wiesner
|
| 246 |
3 |
0 |
|a Vyprávění o Macbethovi
|
| 246 |
1 |
8 |
|a Taneční divadlo
|
| 250 |
|
|
|a 1. vydání
|
| 264 |
|
1 |
|a Praha :
|b NAMU,
|c 2016
|
| 300 |
|
|
|a 159 stran :
|b ilustrace (některé barevné), portréty, faksimile ;
|c 24 cm
|
| 336 |
|
|
|a text
|b txt
|2 rdacontent
|
| 337 |
|
|
|a bez média
|b n
|2 rdamedia
|
| 338 |
|
|
|a svazek
|b nc
|2 rdacarrier
|
| 504 |
|
|
|a Obsahuje bibliografie a bibliografické odkazy
|
| 600 |
1 |
7 |
|a Shakespeare, William,
|d 1564-1616.
|t Macbeth
|7 aun2006373438
|2 czenas
|
| 610 |
2 |
7 |
|a Národní divadlo v Praze.
|b Nová scéna
|7 mzk2010602291
|2 czenas
|
| 648 |
|
7 |
|a 17. století
|7 ch460555
|2 czenas
|
| 648 |
|
4 |
|a 1606
|
| 648 |
|
7 |
|a 20. století
|7 ch460558
|2 czenas
|
| 648 |
|
4 |
|a 1984
|
| 650 |
0 |
7 |
|a taneční divadlo
|7 ph126433
|z Česko
|y 20. století
|2 czenas
|
| 650 |
0 |
7 |
|a anglické drama
|7 ph114054
|y 17. století
|2 czenas
|
| 650 |
0 |
7 |
|a divadelní adaptace
|7 ph117224
|2 czenas
|
| 650 |
0 |
7 |
|a baletní inscenace
|7 ph137509
|z Česko
|y 20. století
|2 czenas
|
| 650 |
0 |
7 |
|a choreografie
|7 ph119191
|z Česko
|y 20. století
|2 czenas
|
| 650 |
0 |
7 |
|a baletní umělci
|7 ph118733
|z Česko
|y 20. století
|2 czenas
|
| 650 |
0 |
9 |
|a dance theater
|z Czechia
|y 20th century
|2 eczenas
|
| 650 |
0 |
9 |
|a English drama
|y 17th century
|2 eczenas
|
| 650 |
0 |
9 |
|a stage adaptations
|2 eczenas
|
| 650 |
0 |
9 |
|a ballet productions
|z Czechia
|y 20th century
|2 eczenas
|
| 650 |
0 |
9 |
|a choreography
|z Czechia
|y 20th century
|2 eczenas
|
| 650 |
0 |
9 |
|a ballet artists
|z Czechia
|y 20th century
|2 eczenas
|
| 651 |
|
7 |
|a Praha (Česko)
|7 ge118011
|2 czenas
|
| 651 |
|
9 |
|a Prague (Czechia)
|2 eczenas
|
| 655 |
|
7 |
|a studie
|7 fd133597
|2 czenas
|
| 655 |
|
7 |
|a vzpomínky
|7 fd133830
|2 czenas
|
| 655 |
|
7 |
|a obrazové publikace
|7 fd132947
|2 czenas
|
| 655 |
|
9 |
|a studies
|2 eczenas
|
| 655 |
|
9 |
|a reminiscences
|2 eczenas
|
| 655 |
|
9 |
|a pictorial works
|2 eczenas
|
| 910 |
2 |
|
|a BOA001
|b 2-1380.971
|
| 928 |
9 |
|
|a Akademie múzických umění v Praze
|
| 928 |
9 |
|
|a Nakladatelství Akademie múzických umění v Praze
|
| 990 |
|
|
|a BK
|
| 995 |
|
|
|a 01
|
| 991 |
|
|
|b 201702
|c NOV
|
| 996 |
6 |
|
|b 2610695710
|c 2-1380.971
|l MZK
|r Sklad / do 1 hodiny
|n 1
|p p.v.
|w 001597602
|u 000010
|a 1
|e BOA001
|j MZK50
|s P
|